| 000 -LEADER | |
|---|---|
| fixed length control field | 00897cam a2200265 i 4500 |
| 001 - CONTROL NUMBER | |
| control field | 20165647 |
| 005 - DATE AND TIME OF LATEST TRANSACTION | |
| control field | 20250224105847.0 |
| 008 - FIXED-LENGTH DATA ELEMENTS--GENERAL INFORMATION | |
| fixed length control field | 171206s2018 flua 000 0 eng |
| 010 ## - LIBRARY OF CONGRESS CONTROL NUMBER | |
| LC control number | 2017047524 |
| 020 ## - INTERNATIONAL STANDARD BOOK NUMBER | |
| International Standard Book Number | 9781482253221 (pbk. : acid-free paper) |
| 020 ## - INTERNATIONAL STANDARD BOOK NUMBER | |
| International Standard Book Number | 9780815354383 (hardback) |
| 040 ## - CATALOGING SOURCE | |
| Original cataloging agency | DLC |
| Language of cataloging | eng |
| Description conventions | rda |
| Transcribing agency | DLC |
| Modifying agency | DLC |
| 042 ## - AUTHENTICATION CODE | |
| Authentication code | pcc |
| 050 00 - LIBRARY OF CONGRESS CALL NUMBER | |
| Classification number | TA418.9.N35 |
| Item number | J64 2018 |
| 082 00 - DEWEY DECIMAL CLASSIFICATION NUMBER | |
| Classification number | 620.115 |
| Edition information | 23 |
| 100 1# - MAIN ENTRY--PERSONAL NAME | |
| Personal name | Johal, Malkiat S., |
| Relator term | author. |
| 9 (RLIN) | 5390 |
| 245 10 - TITLE STATEMENT | |
| Title | Understanding nanomaterials / |
| Statement of responsibility, etc. | Malkiat S. Johal, Lewis E. Johnson. |
| 250 ## - EDITION STATEMENT | |
| Edition statement | Second edition. |
| 260 #1 - PUBLICATION, DISTRIBUTION, ETC. | |
| Place of publication, distribution, etc. | Boca Raton : |
| Name of publisher, distributor, etc. | CRC Press, Taylor & Francis Group, |
| Date of publication, distribution, etc. | [2018] |
| 300 ## - PHYSICAL DESCRIPTION | |
| Extent | xxiv, 498 pages : |
| Other physical details | illustrations ; |
| Dimensions | 23 cm. |
| 490 0# - SERIES STATEMENT | |
| Series statement | Textbook series in physical sciences |
| 650 #0 - SUBJECT ADDED ENTRY--TOPICAL TERM | |
| Topical term or geographic name entry element | Nanostructured materials. |
| 9 (RLIN) | 4765 |
| 650 #0 - SUBJECT ADDED ENTRY--TOPICAL TERM | |
| Topical term or geographic name entry element | Nanochemistry. |
| 9 (RLIN) | 2867 |
| 700 1# - ADDED ENTRY--PERSONAL NAME | |
| Personal name | Johnson, Lewis E. v.d.L., |
| Relator term | author. |
| 9 (RLIN) | 5391 |
| Withdrawn status | Lost status | Source of classification or shelving scheme | Damaged status | Not for loan | Home library | Current library | Date acquired | Cost, normal purchase price | Total checkouts | Full call number | Barcode | Date last seen | Price effective from | Koha item type |
|---|---|---|---|---|---|---|---|---|---|---|---|---|---|---|
| Dewey Decimal Classification | KCST Library | KCST Library | 14/11/2021 | 24.25 | 620.115 Jo Un | 1000000908 | 14/11/2021 | 14/11/2021 | Book |